Group Theory - Modulo 9 Multiplication Grid - Statistics

General Stats
  • This quiz has been taken 15 times
  • The average score is 27 of 36
Answer Stats
Hint Answe % Correct
1 1
100%
2 2
100%
2
100%
4 4
100%
4
100%
5 5
100%
7 7
100%
8 8
100%
8
100%
1
91%
4
91%
8
91%
1
82%
2
82%
2
82%
5
82%
5
82%
7
82%
7
82%
1
73%
5
73%
5
73%
7
73%
7
73%
8
73%
7
64%
8
64%
1
55%
4
55%
8
55%
1
45%
2
45%
2
45%
4
45%
4
45%
5
45%
No matching quizzes found
Score Distribution
Percent of People with Each Score
Percentile by Number Answered
Your Score History
You have not taken this quiz